000 00490nam a2200133 4500
999 _c9164
_d9164
008 180413b ||||| |||| 00| 0 eng d
082 _aDPer 050 Dec 2015-Mar 2016 T48 v186-187
100 _927362
_aMalsin, Jared.
245 _aSyria's lost cause:
_bWestern-backed rebels are in desperate straits/
_cJared Malsin.
260 _aNew York:
_bTime Inc.,
_c©Dec 2015-Mar 2016.
300 _av187 n8, pages 20-23:
_billustrations;
_c27 cm.
650 0 _927363
_aTerrorism.
942 _2ddc
_cPER